La independencia de Argentina
Gespeichert in:
| 1. Verfasser: | |
|---|---|
| Format: | Buch |
| Sprache: | Spanisch |
| Veröffentlicht: |
Madrid
MAPFRE
1992
|
| Schlagworte: | |
| Tags: |
Tag hinzufügen
Keine Tags, Fügen Sie den ersten Tag hinzu!
|
MARC
| LEADER | 00000nam a2200000 a 4500 | ||
|---|---|---|---|
| 001 | UCX6580 | ||
| 003 | CL-VaPUC | ||
| 008 | 930728e19920000SP |||||||||||||||||spa|d | ||
| 082 | 0 | 4 | |a 982 |b ACE |2 21 |
| 100 | 0 | |a Acevedo, Edberto Oscar |e author |9 323149 | |
| 245 | 1 | 3 | |a La independencia de Argentina |
| 300 | |a 301 p | ||
| 942 | |c BK | ||
| 945 | |d 19930728 00:00:00 | ||
| 260 | |a Madrid |b MAPFRE |c 1992 | ||
| 650 | 0 | |a Historia |9 255047 | |
| 650 | 7 | |a GUERRA DE INDEPENDENCIA 1810-1817 |2 CL-VaPUC |9 323150 | |
| 651 | 0 | |a Argentina |9 254888 | |
| 583 | |a last modification |c 19930728 00:00:00 |k Rodrigo Vera | ||
| 999 | |c 226578 |d 226576 | ||
| 952 | |0 0 |1 0 |4 0 |6 982_000000000000000_ACE_1992 |7 0 |8 A |9 225071 |a BIBHIS |b BIBHIS |d 2019-11-15 |i 2937727 |o 982 ACE 1992 |p 2937727 |r 2025-01-20 |w 2019-11-15 |y BK |k HIS | ||
| 952 | |0 0 |1 0 |4 0 |6 982_000000000000000_ACE_1992 |7 0 |8 A |9 225072 |a BIBHIS |b BIBHIS |d 2019-11-15 |i 1290363 |o 982 ACE 1992 |p 1290363 |r 2025-01-20 |w 2019-11-15 |y BK |k HIS | ||